000 00475cam a2200193ua 4500
001 9276
008 150225n xxk |||gr||||Z||||||eng
020 _a978185683222
040 _cMAIN
041 _aeng
082 _a006.3
100 _aWhitby, B.,
_eAuthor.
245 1 _aArtificial intelligence :
_bBeginners guide /
_cBy Blay Whitby .
250 _a1st.
260 _aLondon:
_bOxford,
_c2006.
300 _a144p.
653 _aSpecial computer methods
942 _cBK
999 _c8343
_d8343